| 000 | 01919cam a22002535a 4500 | ||
|---|---|---|---|
| 001 | L159611 | ||
| 008 | 101115s2017 xxk f 000 0 eng d | ||
| 035 | _a(Sirsi) u159611 | ||
| 041 | 0 | _aeng | |
| 050 | 0 | 4 | _a692.8 $2 18 |
| 110 | 2 |
_aFenwick Elliott _95892 |
|
| 245 | 0 | 0 | _aFenwick Elliott Annual review 2017-2018 [ electronic resource] |
| 250 | _a21st ed. | ||
| 260 |
_aLondon _bFenwick Elliott _c[2017] |
||
| 300 | _a52p. | ||
| 520 | _aProvides a summary of recent developments in the construction, engineering and energy. | ||
| 520 | _aReflects on how much still remains uncertain about Brexit and its implications for the UK construction industry. It looks at what constitutes an unreasonable failure to mediate and discusses product liability: asking whether there is a limit on the level of damages awarded in actions for wrongful death arising from defective products. In the adjudication update it focuses on payment notices and costs. It then looks at extensions of time, concurrency and the new edition of the SCL Delay & Disruption Protocol. It discusses site conditions, focusing on who takes the risk if it turns out to be unexpectedly adverse, and explains some of the changes to be found in the new editions of the FIDIC and NEC4 forms. The Review focuses on recent developments in arbitration in the UAE and it explains more about the first reported court case in the UK about BIM. It also discusses design obligations, addressing fitness for purpose and the MTH v E.ON case as well as considering the more literalist approach of the courts when it comes to interpreting contracts, even if this results in an unfair decision. | ||
| 590 | _aKA | ||
| 651 | 4 | _aEngland and Wales | |
| 690 | _aBUILT ENVIRONMENT | ||
| 700 | 1 |
_aGlover, Jeremy _eEditor |
|
| 856 | 4 | 8 |
_uhttps://www.fenwickelliott.com/research-insight/annual-review/2017 _zView the review at www.fenwickelliott.com. |
| 942 |
_n0 _2ddc |
||
| 999 |
_c116047 _d116047 |
||